La Pàtria : Trobes Trobes
Descripción Física:
13p., [3] f. ; 29 cm
Otros Autores:
Riba, Carles
Materias:
Aribau, Bonaventura Carles. Pàtria
MARC
| LEADER | 00000nam a2200000Ia 4500 | ||
|---|---|---|---|
| 001 | 7853 | ||
| 008 | 160829s1933 xx 000 0 cat d | ||
| 080 | |a RF-9-18 | ||
| 100 | |a Aribau, Bonaventura Carles |9 37690 | ||
| 245 | |a La Pàtria : |b Trobes | ||
| 260 | |a Barcelona : |b Biblioteca de Catalunya, |c 1933 | ||
| 300 | |a 13p., [3] f. ; |c 29 cm | ||
| 590 | |a Facsímil de l'obra autògrafa de l'autor i d'una carta a F. Renart i Arús, amb un comentari de Carles Riba. | ||
| 590 | |a Edició commemorativa del centenari de la Renaixença. | ||
| 590 | |a Hi ha un duplicat a: DUP-21-71 | ||
| 650 | |a Aribau, Bonaventura Carles. Pàtria |9 37691 | ||
| 700 | |a Riba, Carles | ||
| 710 | 1 | |a Biblioteca de Catalunya |9 52741 | |
| 856 | 4 | |u https://media.diba.cat/diba/fitxers/arxiu/fulletons/bib_7853_1933_baixa.pdf |y Accés lliure | |
| 856 | 4 | |u https://media.diba.cat/diba/fitxers/arxiu/fulletons/bib_7853_1933_baixa.pdf |y Accés lliure | |
| 901 | |a Arxiu | ||
| 942 | |n 1 |2 udc | ||
| 952 | |0 0 |1 0 |4 0 |6 RF918 |7 1 |9 48547 |a Arxiu |b Arxiu |d 2016-12-01 |l 0 |o RF-9-18 |p 7853 |r 2016-12-01 00:00:00 |w 2016-12-01 |y ARXIU | ||
| 999 | |c 52376 |d 52376 | ||
| 900 | |a bib_7853_1933_baixa.pdf | ||